00997cam a22002774a 450000100090000000300040000900500170001300800410003001000170007102000280008804000180011604200080013405000210014208200230016324500460018626000450023230000350027750000200031265000250033270000340035785600780039190600450046994200440051495201440055899900170070213683939OSt20230915161342.0040811s2005 ilua 001 0 eng  a 2004018975 a0736052321 (soft cover) aDLCcDLCdDLC apcc00aGV711b.S53 200500a796.077222bREY/S00aShe can coach! /cCecile Reynaud, editor. aChampaign, IL :bHuman Kinetics,cc2005. aviii, 269 p. :bill. ;c25 cm. aIncludes index. 0aCoaching (Athletics)1 aReynaud, Cecile,d1953-99491413Table of contentsuhttp://www.loc.gov/catdir/toc/ecip0421/2004018975.html a7bcbccorignewd1eecipf20gy-gencatlg 2ddccBKh796.077iREY/Sk796.077mREY/S 00102ddc40708SPORTS AND GAMESaMESbMEScPHYSd2023-09-15l0o796.077 REY/Sp42413r2023-09-15 16:14:24v1706.00w2023-09-15yBKzU22R1 c42468d42468